| 000 | 01363nam a22002177a 4500 | ||
|---|---|---|---|
| 999 |
_c60241 _d60241 |
||
| 003 | Ge_BSU | ||
| 005 | 20230621123952.0 | ||
| 008 | 230621s2012 ge ||||| |||| 00| 0 geo d | ||
| 020 | _a9789941047404 | ||
| 041 | _ageo | ||
| 080 | _a929.52(479.22) კ-37 | ||
| 100 |
_aკეზევაძე, მერაბ. _914446 |
||
| 245 |
_aგვარსახელები XIX საუკუნის ქუთაისში / _cმერაბ კეზევაძე; რედ. როლანდ თოფჩიშვილი; მხატვ. ჯავა ჭეიშვილი; საქ. იუსტიციის სამინ., საქ. ეროვნ. არქივი, ქუთაისის ცენტრ. არქივი. |
||
| 264 |
_aქუთაისი : _bსაგამომც. ცენტრი, _c2012. |
||
| 300 |
_a80 გვ. ; _b21 სმ. |
||
| 653 | _aქართული გვარსახელები | ||
| 700 |
_aთოფჩიშვილი, როლანდ _eრედ.აქტორი _94620 |
||
| 700 |
_aჭეიშვილი, ჯავა _eმხატვარი _918866 |
||
| 710 |
_aსაქ. იუსტიციის სამინ. საქ. ეროვნ. არქივი _bქუთაისის ცენტრ. არქივი _918867 |
||
| 942 |
_2udc _cBK |
||